| 000 | 01125nas a2200325 4500 | ||
|---|---|---|---|
| 001 | BR2020000820 | ||
| 003 | BR-BrBNA | ||
| 005 | 20231205132114.0 | ||
| 007 | ta | ||
| 008 | 230509b bl.|||p| |||| 00| 00por d | ||
| 040 |
_aBR-BrBNA _bpor _cBiblioteca Nacional de Agricultura |
||
| 041 | _a(Pt) | ||
| 072 | _aF08; E16 | ||
| 100 | 1 | _aAraújo, E.F. | |
| 100 | 1 | _aAguiar, A.S. | |
| 100 | 1 | _aBarbosa, M.V.R. | |
| 100 | 1 | _aBrito, W.C. de | |
| 100 | 1 | _aCordeiro, S.A. | |
| 245 | 1 | _aRentabilidade de plantios de acácia-australiana e de sistema de integração lavoura-pecuária-floresta no sudoeste do Piauí | |
| 650 | _aACÁCIA | ||
| 650 | _aECONOMIA FLORESTAL | ||
| 650 | _aPLANEJAMENTO FLORESTAL | ||
| 650 | _aPLANEJAMENTO AGRÍCOLA | ||
| 650 | _aCARVÃO VEGETAL | ||
| 773 | 0 |
_tNativa. Pesquisas Agrárias e Ambientais (Brazil) _xISSN 2318-7670 _g(Oct-Dec 2015), v. 3(4) p. 268-275 _wBR2020000820 |
|
| 856 | 4 | 0 | _uhttps://periodicoscientificos.ufmt.br/ojs/index.php/nativa/article/view/2559/pdf |
| 856 | 4 | 0 | _dLink DSPACE/MAPA BR2020000820 |
| 909 |
_a202311 _bLúcia _c55 _dLúcia Elande |
||
| 942 |
_2AGRIS _n0 _cANA |
||
| 999 |
_c258496 _d258496 |
||